Asks & Acts /

Bibliographic Details
Main Author: Horodner, Stuart (Author)
Format: Book
Language:English
Published: [Houston, Texas] : [publisher not identified], [2009]
Subjects:

MARC

Tag First Indicator Second Indicator Subfields
LEADER 00000cam a2200000Ii 4500
001 in00003917469
005 20180430124640.0
008 180131s2009 txua 000 0deng d
035 |a (OCoLC)on1021075714 
035 |a (OCoLC)1021075714 
040 |a TXA  |b eng  |e rda  |c TXA  |d UtOrBLW 
049 |a TXAM 
050 4 |a TR674  |b .H67 2009 
100 1 |a Horodner, Stuart,  |e author.  |0 http://id.loc.gov/authorities/names/nr00018550 
245 1 0 |a Asks & Acts /  |c Stuart Horodner. 
246 3 |a Asks and acts 
264 1 |a [Houston, Texas] :  |b [publisher not identified],  |c [2009] 
300 |a pages 18-21 :  |b color illustrations ;  |c 28 cm 
336 |a text  |b txt  |2 rdacontent 
337 |a unmediated  |b n  |2 rdamedia 
338 |a volume  |b nc  |2 rdacarrier 
500 |a Detached from: ArtLies, number 61, spring 2009. 
500 |a Includes stills from Melanie Manchot's 2007 video installation "Shave". 
500 |a The Cushing Library/Women & Gender Studies copy was acquired as part of the Antonio C. LaPastina and Dale Rice Collection.  |5 TXA 
500 |a The Cushing Library/Women & Gender Studies copy is lacking first page.  |5 TXA 
541 0 |a Donated by Antonio C. LaPastina and Dale Rice  |d 20170123 
600 1 0 |a Horodner, Stuart.  |0 http://id.loc.gov/authorities/names/nr00018550 
650 0 |a Photography of the nude.  |0 http://id.loc.gov/authorities/subjects/sh85101368 
650 0 |a Artists' models.  |0 http://id.loc.gov/authorities/subjects/sh85086427 
650 0 |a Artistic collaboration.  |0 http://id.loc.gov/authorities/subjects/sh93003368 
600 1 0 |a Manchot, Melanie,  |d 1966-  |0 http://id.loc.gov/authorities/names/n2002015927 
650 0 |a Video art.  |0 http://id.loc.gov/authorities/subjects/sh85143195 
730 0 |a ArtLies. 
994 |a C0  |b TXA 
948 |a cataloged  |b h  |c 2018/1/31  |d o  |e nbehmer  |f 3:46:57 pm 
999 f f |s 0e35d45b-b176-32af-b487-76d69fd62df0  |i 59cc2064-0140-3134-b31d-242c96895e0d  |t 0 
952 f f |p noncirc  |a Texas A&M University  |b College Station  |c Cushing Memorial Library & Archives  |d Cushing: Women & Gender Studies (Does not check out)  |t 0  |e TR674 .H67 2009  |f Vertical file  |h Library of Congress classification  |i unmediated -- volume 
998 f f |a TR674 .H67 2009  |t 0  |l Cushing: Women & Gender Studies (Does not check out)